| 000 | nam a22 7a 4500 | ||
|---|---|---|---|
| 999 |
_c29169 _d29169 |
||
| 008 | 170706b xxu||||| |||| 00| 0 eng d | ||
| 050 |
_aSpec HD 990 _b.K4A5 2015 |
||
| 100 | _a. | ||
| 245 |
_aDevolving and governance _cNational Land Commission |
||
| 260 |
_aNairobi _bNational Land Commission _c2016 |
||
| 300 |
_axxii,115p; _bill |
||
| 650 |
_2Land commission _aland governance _vland development _zKenya |
||
| 942 |
_2lcc _cSPEC |
||